ბათუმის შოთა რუსთაველის სახელმწიფო უნივერსიტეტის ბიბლიოთეკა

ტურიზმი საქართველოში : (ბიბ.ჩანაწერი № 48590)

000 -ლიდერი
ფიქსირებული სიგრძის საკონტროლო ველი 01510nam a2200277Ia 4500
001 - საკონტროლო ნომერი
საკონტროლო ველი 15489
003 - საკონტროლო ნომრის იდენტიფიკატორი
საკონტროლო ველი GE_BSU
005 - ბოლო ოპერაციის თარიღი და დრო
საკონტროლო ველი 20191023171907.0
008 - ფიქსირებული სიგრძის მონაცემთა ელემენტები - ზოგადი ინფორმაცია
ფიქსირებული სიგრძის საკონტროლო ველი 181216s2012||||ge |||||||||||||| ||geo||
020 ## - წიგნის საერთაშორისო სტანდარტული ნომერი
International Standard Book Number ISBN 978-9941-0-4799-2
040 ## - კატალოგიზაციის წყარო
Transcribing agency GE_BSU
041 ## - ენის კოდი
Language code of text/sound track or separate title geo
080 ## - უნივერსალური ათობითი კლასიფიკაციის ინდექსი
Universal Decimal Classification number 338.48(479.22) დ-28
100 ## - მთავარი ჩანაწერი - პიროვნების სახელი
Personal name დევაძე, ანზორ
9 (RLIN) 4964
245 ## - ცნობა სათაურის შესახებ
Title ტურიზმი საქართველოში :
Remainder of title არსებული მდგომარეობა, პრობლემები, პერსპექტივები /
Statement of responsibility, etc ანზორ დევაძე, ნოდარ გრძელიშვილი ; რედ.: ევგენი ბარათაშვილი, როინ გრძელიშვილი.
264 ## - წარმოების, გამოცემის, დისტრიბუციის და სხვა ცნობები
გამოცემის, წარმოების, დისტრიბუციის... ადგილი თბილისი,
გამოცემის, წარმოების, დისტრიბუციის... თარიღი 2012.
300 ## - ფიზიკური აღწერა
Extent 272 გვ. :
Other physical details ცხრ,;
Dimensions 20 სმ.
300 ## - ფიზიკური აღწერა
Other physical details დანართი: გვ. 262-264. - ბიბლიოგრ.: გვ. 265-271
501 ## - შენიშვნა თანმხლებ მასალაზე
With note დანართი: გვ. 262-264.
504 ## - BIBLIOGRAPHY, ETC. NOTE
Bibliography, etc ბიბლიოგრ.: გვ. 265-271.
653 ## - INDEX TERM--UNCONTROLLED
Uncontrolled term საქართველოს ტურიზმის ეკონომიკა
700 ## - ADDED ENTRY--PERSONAL NAME
Personal name გრძელიშვილი, ნოდარ
Relator term ავტორი
9 (RLIN) 4965
700 ## - ADDED ENTRY--PERSONAL NAME
Personal name ბარათაშვილი, ევგენი
Relator term რედაქტორი
9 (RLIN) 734
700 ## - ADDED ENTRY--PERSONAL NAME
Personal name გრძელიშვილი, როინ
Relator term რედაქტორი
9 (RLIN) 4966
942 ## - ADDED ENTRY ELEMENTS (KOHA)
Koha item type წიგნი
Source of classification or shelving scheme
ეგზემპლარები
ჩამოწერის სტატუსი დაკარგული ეგზემპლარის სტატუსი კლასიფიკაციის წყარო ან თაროზე გაწყობის სქემა დაზიანების სტატუსი არ გაიცემა მუდმივი მდებარეობა (დაცვის ადგილი) ამჟამინდელი ადგილსამყოფელი თაროზე განთავსების ადგილი შეძენის თარიღი სრული შენახვის შიფრი შტრიხკოდი ბოლო ოპერაციის თარიღი ეგზემპლარის მიმდევრობითი ნომერი (კეტერი?) ფასის ძალაში შესვლის თარიღი ეგზემპლარის სახეობა ღირებულება, შესყიდვის ნორმალური ფასი საჯარო შენიშვნა
          ბათუმის შოთა რუსთაველის სახელმწიფო უნივერსიტეტის მთავარი ბიბლიოთეკა ბათუმის შოთა რუსთაველის სახელმწიფო უნივერსიტეტის მთავარი ბიბლიოთეკა წიგნსაცავი 2018-12-17 338.48(479.22) დ-28 39172 2018-12-17 39172 2018-12-17 წიგნი    
          ბათუმის შოთა რუსთაველის სახელმწიფო უნივერსიტეტის მთავარი ბიბლიოთეკა ბათუმის შოთა რუსთაველის სახელმწიფო უნივერსიტეტის მთავარი ბიბლიოთეკა წიგნსაცავი 2018-12-17 338.48(479.22) დ-28 39173 2018-12-17 39173 2018-12-17 წიგნი    
          ბათუმის შოთა რუსთაველის სახელმწიფო უნივერსიტეტის მთავარი ბიბლიოთეკა ბათუმის შოთა რუსთაველის სახელმწიფო უნივერსიტეტის მთავარი ბიბლიოთეკა წიგნსაცავი 2018-12-17 338.48(479.22) დ-28 39174 2018-12-17 39174 2018-12-17 წიგნი    
          ბათუმის შოთა რუსთაველის სახელმწიფო უნივერსიტეტის მთავარი ბიბლიოთეკა ბათუმის შოთა რუსთაველის სახელმწიფო უნივერსიტეტის მთავარი ბიბლიოთეკა წიგნსაცავი 2018-12-17 338.48(479.22) 39175 2018-12-17 39175 2018-12-17 წიგნი    
          ბათუმის შოთა რუსთაველის სახელმწიფო უნივერსიტეტის მთავარი ბიბლიოთეკა ბათუმის შოთა რუსთაველის სახელმწიფო უნივერსიტეტის მთავარი ბიბლიოთეკა წიგნსაცავი 2019-10-23 338.48(479.22) დ-28 6451 2019-10-23 6451 2019-10-23 წიგნი    
          ბათუმის შოთა რუსთაველის სახელმწიფო უნივერსიტეტის მთავარი ბიბლიოთეკა ბათუმის შოთა რუსთაველის სახელმწიფო უნივერსიტეტის მთავარი ბიბლიოთეკა წიგნსაცავი 2019-10-23 338.48(479.22) დ-28 6452 2019-10-23 6452 2019-10-23 წიგნი    
          ბათუმის შოთა რუსთაველის სახელმწიფო უნივერსიტეტის მთავარი ბიბლიოთეკა ბათუმის შოთა რუსთაველის სახელმწიფო უნივერსიტეტის მთავარი ბიბლიოთეკა წიგნსაცავი 2019-10-23 338.48(479.22) დ-28 6453 2019-10-23 6453 2019-10-23 წიგნი    
          ბათუმის შოთა რუსთაველის სახელმწიფო უნივერსიტეტის მთავარი ბიბლიოთეკა ბათუმის შოთა რუსთაველის სახელმწიფო უნივერსიტეტის მთავარი ბიბლიოთეკა წიგნსაცავი 2019-10-23 338.48(479.22) დ-28 6454 2019-10-23 6454 2019-10-23 წიგნი    
          ბათუმის შოთა რუსთაველის სახელმწიფო უნივერსიტეტის მთავარი ბიბლიოთეკა ბათუმის შოთა რუსთაველის სახელმწიფო უნივერსიტეტის მთავარი ბიბლიოთეკა წიგნსაცავი 2019-10-23 338.48(479.22) დ-28 27596 2019-10-23 27596 2019-10-23 წიგნი 10.00 10 ლ.
          ბათუმის შოთა რუსთაველის სახელმწიფო უნივერსიტეტის მთავარი ბიბლიოთეკა პროფესიული პროგრამების მართვის და უწყვეტი განათლების ცენტრის ბიბლიოთეკა წიგნსაცავი 2022-06-30 338.48(479.22) დ-28 62930 2022-06-30 62930 2022-06-30 წიგნი 12.00 12.00